| 000 | 01032cam a22002891 4500 | ||
|---|---|---|---|
| 001 | gs 61000278 | ||
| 003 | DLC | ||
| 005 | 20260227111410.0 | ||
| 008 | 781128s1961 msuab s000 0 eng | ||
| 010 | _ags 61000278 | ||
| 035 | _a(OCoLC)4402940 | ||
| 040 |
_aDLC _cMsSM _dDLC |
||
| 042 | _apremarc | ||
| 050 | 0 | 0 |
_aQE129 _b.A2 no. 91 |
| 100 | 1 | _aPriddy, Richard Randall. | |
| 245 | 1 | 0 | _aGeologic study along Highway 80 from Alabama line to Jackson, Mississippi. |
| 260 |
_aUniversity, Miss., _c1961. |
||
| 300 |
_a62 p. _billus., maps, profiles, table. _c23 cm. |
||
| 410 | 2 | 0 |
_aMississippi Geological, Economic, and Topographical Survey _tBulletin, _vno. 91 |
| 500 | _aPart of illustrative matter fold. in pocket. | ||
| 500 | _aPrepared in cooperation with the Mississippi State Highway Dept. | ||
| 504 | _aBibliography: p. 62. | ||
| 650 | 0 |
_aPhysical geography _zMississippi. |
|
| 650 | 0 |
_aBorings _zMississippi. |
|
| 650 | 0 |
_aGeology _zMississippi. |
|
| 740 | 0 | _aHighway 80 from Alabama line to Jackson, Mississippi. | |
| 999 |
_c29575 _d29575 |
||